| 000 | 00512nab a2200157Ia 4500 | ||
|---|---|---|---|
| 003 | ES-SlBCS | ||
| 005 | 20210601124312.0 | ||
| 008 | 140529s1982 xxu||||| |||| 00| 0 eng d | ||
| 041 | _aeng | ||
| 100 | 1 |
_aVincent, A. W. _9139423 |
|
| 245 | 0 | 0 |
_aDevelopment and Self-Identity: Hegel's Concept of Education _c A. W. Vincent, Michael George |
| 600 | 1 | 4 |
_aHegel-Educación _9139424 |
| 700 | 1 |
_aGeorge, Michael _9139425 |
|
| 773 | 0 |
_tEducational Theory _gvol. 32, nº. 3-4, 1982, págs. 131-142 _wRev1399 |
|
| 942 | _cAR | ||
| 999 |
_c512578 _d512578 |
||